000 01543nam a2200373 i 4500
003 DO-SdBNP
005 20240426093500.0
007 ta
008 240426s2023 dr ac 000 0 spa d
020 _a9789945179774
040 _aDO-SdBNP
_bspa
_cBNPHU
_erda
082 _222
_bC569s
245 0 0 _aCiencias sociales 1 :
_beducación secundaria. /
_cdirección editorial Anna Rogero Soler, Denise Pineda Martínez : fotografías Francis Ramírez, Javier Calbet, María Pía Hidalgo, Sonsoles Prada, Pedro Carrión Juárez y otros : ilustraciones Rafael Antonio Almánzar, Félix Moreno Arrastio
264 1 _aSanto Domingo, :
_bSM,
_c2023.
300 _a205 páginas
_bilustraciones, retratos
_c28 cm.
336 _2rdacontent
_atexto
_btxt
337 _2rdamedia
_asin mediación
_bn
338 _2rdacarrier
_avolumen
_bnc
490 1 _aSer y saber
_v1
500 _aEducación secundaria.
504 _aBibliografía p: 206-207
590 _aInventariado, 2024/ YL
700 1 _aRogero Soler, Anna
_edirección
_930656
700 1 _aPineda Martínez, Denise
_edirección
_974837
700 1 _aRamírez, Francis
_efotografías
_985332
700 1 _aCalbet, Javier
_efotografías
_985333
700 1 _aHidalgo, María Pía
_efotografías
_985334
700 1 _aPrada, Sonsoles
_efotografías
_985335
700 1 _aCarrión Juárez, Pedro
_efotografías
_985336
700 1 _aAlmánzar, Rafael Antonio
_eilustraciones
_923171
700 1 _aArrastio, Félix Moreno
_eilustraciones
_985337
910 _aYLockward
942 _2ddc
_cLBS1
999 _c56522
_d56522